000 00682nam a2200277Ia 4500
005 20260401122343.0
008 008 250103s9999 xx 000 0 eng d
037 _aTB
040 _aEDL
040 _beng
040 _cEDL
041 _2eng
041 _aeng
084 _a323.44 PRI
084 _qEDL
100 _aPriestley, Joseph
_91233334
245 0 _aEssay on the First Principles of Government, and on the Nature of Political, Civil and Religious Liberty
245 0 _cPriestley, Joseph
260 _aLondon
260 _bJ.Johnson
300 _a300p
942 _cTB
942 _h323.44 PRI
999 _c1846724
_d1846724